Vista normal
Vista MARC
Entrada Materia (personas)
Número de registros utilizados en: 2
001 - CONTROL NUMBER
- control field: 71956
003 - CONTROL NUMBER IDENTIFIER
- control field: Co-BoUCM
005 - DATE AND TIME OF LATEST TRANSACTION
- control field: 20151002155736.0
008 - FIXED-LENGTH DATA ELEMENTS
- fixed length control field: 151002|| aca||aabn | a|a d
040 ## - CATALOGING SOURCE
- Original cataloging agency: Co-BoUCM
- Transcribing agency: Co-BoUCM
100 ## - HEADING--PERSONAL NAME
- Personal name: Morales Benítez, Otto,
670 ## - SOURCE DATA FOUND
- Source citation: Work cat.: (Co-BoUCM)301466: Arango Vélez, Carlos, 1897-1974, author. 71953, Carlos Arango Vélez :, 2014